000 01795nam1a2200289 i 4500
001 RU\NLR\BIBL_A\010830416
005 20260405114021.0
010 _a9785502006029
035 _a(NLR Aleph) 010830416
090 _a10285697
_c10285697
100 _a20150828g20159999k y0rusy50 ca
101 0 _arus
102 _aRU
105 _a||||j |||||
200 1 _aРадиопередающие устройства
_eучебно-методическое пособие для студентов заочной формы обучения по направлению подготовки 210400.62 - Радиотехника (профиль подготовки "Радиоэлектронные системы")
_fЮ. Г. Белов, В. А. Дюшков, Э. А. Ермилов
_gМ-во образования и науки Рос. Федерации, Федер. гос. бюджет. образоват. учреждение высш. проф. образования "Нижегородский гос. техн. ун-т им. Р. Е. Алексеева"
210 _aНижний Новгород
_cНижегородский государственный технический университет
_d2015
215 _d20
606 _aРадиопередатчики
_jУчебно-методические пособия для заочного обучения
_91102726
_3RU\NLR\AUTH\66114786
686 1 _aЗ848я738-1
700 1 _8rus
_7ca
_aБелов
_bЮ. Г.
_cд-р техн. наук
_gЮрий Георгиевич
_3RU\NLR\AUTH\7744614
_927554
701 1 _aДюшков
_bВ. А.
701 1 _aЕрмилов
_bЭ. А.
_f1937-
_gЭдуард Андреевич
852 _aNLR
_j2015-4/13251
942 _cBOOK
980 _aNBR